Overwatch Characters by Loose Description - Statistics

General Stats
  • This quiz has been taken 10,033 times
    7,064 since last reset
  • The average score is 25 of 32
Answer Stats
Description Hero % Correct
A nurse who loves angels and professes the immortality of heroes. Mercy
99%
A robot who loves birds and turning its enemies into salt. Bastion
93%
A gamer girl with an attitude and an "explosive" personality. D.Va
93%
He couldn't decide whether to cosplay as a robot or a ninja, so he just picked both. Genji
92%
This cowgirl sure is dynamite! But don't mess with her bodyguard, or he'll do something! Ashe
90%
This girl's a real blast, and she believes evil will be punished...from above. Pharah
86%
This pet will "roll" into your life and won't "mine" his manners! Wrecking Ball
85%
The brother of the above, he always hits his mark and has plenty of "spirit." Hanzo
84%
This computer genius knows all sorts of life "hacks." Sombra
84%
A cowboy with a robotic arm and an obsession with the time. McCree
83%
All the critics say his albums are very energizing and therapeutic. Lucio
82%
All I can say is, never let him change your tires. Junkrat
81%
A Swede with a strong work ethic and a serious case of "Turrets Syndrome." Torbjorn
81%
Why is this woman feeling blue? Is it because you stepped on that spider? Widowmaker
81%
I can say without the "shadow" of a doubt, this guy is not very nice. Reaper
78%
This big guy sure knows how to hook you in. Roadhog
78%
This cheeky Brit will always let you know when the, uh, men on horses arrive. Tracer
78%
Be sure not to act out, mother always has her eye on you, but if you're in trouble, she'll "shoot" some love your way. Ana
77%
Don't let this old man "hammer" his values into you. Reinhardt
77%
Don't you ever wish Gandhi was a little more into metal? Zenyatta
77%
She's the one they call Dr. Feelbad, she's the one that makes ya feel not right. Moira
74%
Guys I think I have a bot, it's copying my every move! Echo
71%
Don't let this guy offer you some "punch." Doomfist
70%
This crazy young cat lady will "flail" about, so "shield" yourself from her! Brigitte
68%
In her mind, order is the "portal" to success. Symmetra
67%
Enough monkey business, Caesar. Do you have a robotic suit and a team of superheroes on your side? Didn't think so. Winston
67%
This scientist is cold as ice, but really she's a nice girl. Mei
66%
Take it from him, don't major in astrophysics. It'll drive you crazy! Sigma
65%
This grandpa doesn't share his old war stories, because he's still making new ones! Soldier: 76
63%
This Haitian soldier may radiate good health, but nobody lives forever! Baptiste
62%
She's basically a mechanical crossing guard, but armed with a high-powered gun to shoot your face with. Orisa
56%
Guys, I know she's stronger than you, but don't let that create a "barrier" between the two of you. Zarya
56%
No matching quizzes found
Score Distribution
Percent of People with Each Score
Percentile by Number Answered
Your Score History
You have not taken this quiz since the last reset